MARC

LEADER 00000nam0a2200000 4500
001 98168
005 20231031111238.0
035 |a (RuTPU)RU\TPU\book\105212 
090 |a 98168 
100 |a 20060614d1971 km y0rusy50 ca 
101 0 |a rus 
102 |a RU 
105 |a ab z 001zy 
200 1 |a Русские географические открытия и исследования : с древних времен до 1917 года  |f Д. М. Лебедев, В. А. Есаков 
210 |a Москва  |c Мысль  |d 1971 
215 |a 516 с.  |c ил., карты 
320 |a Библиогр.: с. 472-483. 
320 |a Указатель географических названий: с. 484-502. 
320 |a Указатель имен: с. 503-513. 
610 1 |a история 
610 1 |a география 
610 1 |a открытия 
610 1 |a исследования 
610 1 |a 19 век 
610 1 |a 20 век 
610 1 |a 10 век 
610 1 |a 11 век 
610 1 |a 12 век 
610 1 |a 13 век 
610 1 |a 14 век 
610 1 |a 15 век 
610 1 |a 16 век 
610 1 |a 17 век 
610 1 |a 18 век 
610 1 |a экспедиции 
675 |a 91(09с)  |v 3 
700 1 |a Лебедев  |b Д. М.  |g Дмитрий Михайлович 
701 1 |a Есаков  |b В. А.  |g Василий Алексеевич 
801 1 |a RU  |b 63413507  |c 20060614  |g PSBO 
801 2 |a RU  |b 63413507  |c 20061202  |g PSBO 
942 |c BK